| 000 | 00532cam a2200217ua 4500 | ||
|---|---|---|---|
| 001 | 9672 | ||
| 008 | 170331n ii |||gr||||Z||||||eng | ||
| 020 | _a9789384303433 | ||
| 040 | _cMAIN | ||
| 041 | _aeng | ||
| 082 | _a346.066 | ||
| 100 |
_aPandey, P.K., _eAuthor. |
||
| 245 |
_aCompany law _cby P.K. Pandey |
||
| 250 | _a1st ed. | ||
| 260 |
_aDibrugarh: _bMahaveer publications, _c2016. |
||
| 300 | _a248p. | ||
| 653 | _aPrivate law | ||
| 700 |
_aJain, Amit Kumar, _eAuthor. |
||
| 700 |
_aJain, Ankita, _eAuthor. |
||
| 942 | _cBK | ||
| 999 |
_c8691 _d8691 |
||